| 000 | 01485cam a22003494a 4500 | ||
|---|---|---|---|
| 001 | 13915352 | ||
| 003 | OSt | ||
| 005 | 20150408114148.0 | ||
| 008 | 050330s2006 njua b 000 0 eng | ||
| 010 | _a 2005047032 | ||
| 020 | _a0471386375 (cloth) | ||
| 020 | _a9780471386377 | ||
| 040 |
_aDLC _cDLC _dDLC |
||
| 042 | _apcc | ||
| 050 | 0 | 0 |
_aRJ504 _b.S516 2006 |
| 082 | 0 | 0 |
_a618.928914 _222 _bSJC |
| 100 | 1 |
_aShapiro, Jeremy P. _939014 |
|
| 245 | 1 | 0 |
_aChild and adolescent therapy : _bscience and art / _cby Jeremy P. Shapiro, Robert D. Friedberg, Karen K. Bardenstein. |
| 260 |
_aHoboken, NJ : _bJ. Wiley, _cc2006. |
||
| 300 |
_axiii, 605 p. : _bill. ; _c26 cm. |
||
| 504 | _aIncludes bibliographical references (p. 519-581) and indexes. | ||
| 650 | 0 |
_aChild psychotherapy. _938732 |
|
| 650 | 0 |
_aAdolescent psychotherapy. _939015 |
|
| 700 | 1 |
_aFriedberg, Robert D., _d1955- _939016 |
|
| 700 | 1 |
_aBardenstein, Karen K. _939017 |
|
| 856 | 4 | 2 |
_3Contributor biographical information _uhttp://www.loc.gov/catdir/enhancements/fy0624/2005047032-b.html |
| 856 | 4 | 2 |
_3Publisher description _uhttp://www.loc.gov/catdir/enhancements/fy0624/2005047032-d.html |
| 856 | 4 | 1 |
_3Table of contents only _uhttp://www.loc.gov/catdir/enhancements/fy0624/2005047032-t.html |
| 906 |
_a7 _bcbc _corignew _d1 _eocip _f20 _gy-gencatlg |
||
| 942 |
_2ddc _cBOOK |
||
| 999 |
_c31734 _d266234 |
||